DC Universe - BilderQuiz - Statistiken

Allgemein
  • Dieses Quiz wurde 255 mal gespielt
  • Das Durchschnittsergebnis liegt bei 9 aus 16
Antwortstatistiken
Bildquiz Antwort % Korrekt
Superman
100%
Batman
99%
Flash
99%
Joker
99%
Wonder Woman
95%
Harley Quinn
91%
Shazam
83%
Black Adam
69%
Deadshot
48%
Blue Beetle
41%
Killer Croc
35%
General Zod
22%
Black Canary
20%
Doctor Fate
19%
Hippolyta
2%
König Nereus
2%
Keine übereinstimmenden Quizze gefunden
Verteilung der Resultate
Anzahl Personen mit jedem Resultat
Perzentil nach korrekt beantworteten Fragen
Ihre Resultats-Entwicklung
Sie haben dieses Quiz noch nicht gespielt